Gaming Quiz

Random Gaming or Pokémon Quiz

Ground Type Pokemon (Gen 2) Quiz Stats

 Plays Quiz not verified by Sporcle

Support Sporcle.
Go Orange.
Score 0/10 Timer 02:00
0 Plays Today
Pokemon % Correct
Donphan
79.5%
Phanpy
77.4%
Steelix
76.2%
Quagsire
74.1%
Wooper
72.4%
Gligar
71.5%
Larvitar
71.1%
Pupitar
70.3%
Swinub
61.1%
Piloswine
60.3%

You're not logged in!

Compare scores with friends on all Sporcle quizzes.
OR
Log In

From the Vault

Build Germany with Bundesliga Teams

by bortoluka

We promise you won't need to get your construction toolbox.
Remove Ads.
Support Sporcle.
Get the best of Sporcle when you Go Orange. This ad-free experience offers more features, more stats, and more fun while also helping to support Sporcle. Thank you for becoming a member.

Show Comments

Extras

Top Quizzes Today


Score Distribution

Your Account Isn't Verified!

In order to create a playlist on Sporcle, you need to verify the email address you used during registration. Go to your Sporcle Settings to finish the process.

Report this User

Report this user for behavior that violates our Community Guidelines.

Details: